000
00314nam a2200133Ia 4500
008
240801s9999 xx 000 0 und d
082
_b
VAR-P
100
_a
VARSHNEY M.K
245
0
_a
PARYAVARAN PRADUSHAN AUR NIYANTRAN
250
_a
1
260
_a
ASIAN PUB.MUJAFFAR NAGAR
_c
2008
300
_a
370
942
_c
DB
999
_c
45724
_d
45724